000 00734nam a2200169 i 4500
001 181385
003 ES-MaACL
005 20230906221341.0
008 121221s1878 sp |||| | spa d
110 2 _aUniversidad Central (Madrid).
_bBiblioteca.
_9152006
245 1 0 _aMemoria de la biblioteca de la Universidad Central correspondiente a 1877.
260 _aMadrid :
_b[s.n.],
_c1878 (
_fImp. y fundición de Manuel Tello)
300 _a48 p. ;
_c27 cm.
610 2 4 _aUniversidad Central (Madrid).
_bBiblioteca-
_vMemorias.
_9152007
852 _aES-MaACL
_jT-241-F-1
_z.- Enc. hol. en un vol. facticio
_q.- Falto de la cub. original
852 _aES-MaACL
_jT-442-F-6
_z.- Enc. hol. en un vol. facticio
_q.- Falto de la cub. original
999 _c181385
_d181385